Ciutats més poblades dels territoris històrics de parla catalana (Països Catalans). Catalunya, País Valencià, Illes Balears, Catalunya Nord, l'Alguer. - Statistics

General Stats
  • This quiz has been taken 140 times
  • The average score is 17 of 23
Answer Stats
Població Ciutat % Correct
1 1.620.809 Barcelona
100%
2 790.201 València
98%
10 170.990 Castelló de la Plana
97%
11 137.327 Lleida
95%
17 99.013 Girona
94%
4 330.525 Alacant
93%
12 131.507 Tarragona
93%
3 400.578 Palma
92%
8 215.848 Badalona
90%
7 216.428 Terrassa
88%
9 209.931 Sabadell
86%
5 257.349 Hospitalet de Llobregat
84%
6 227.659 Elx
73%
16 103.123 Reus
70%
14 120.959 Perpinyà
69%
13 126.127 Mataró
65%
15 117.597 Santa Coloma de Gramenet
64%
19 86.610 Cornellà de Llobregat
55%
18 89.516 Sant Cugat del Vallès
51%
21 82.142 Sant Boi de Llobregat
48%
22 80.762 Torrent
40%
23 80.359 Oriola
25%
20 84.213 Torrevella
22%
No matching quizzes found
Score Distribution
Percent of People with Each Score
Percentile by Number Answered
Your Score History
You have not taken this quiz